000 00841nam a22001937a 4500
999 _c371560
_d371560
008 201127b ||||| |||| 00| 0 eng d
040 _aDE-2950
_bger
_cDE-2950
_erda
041 _ager
245 _aDas Interesse der AfD an jüdischen Friedhöfen.
_bGedenken: Die Frankfurt er AfD befasst sich intensiv mit den jüdischen Grabstätten in Frankfurt (Oder) und Slubice. Warum die Politiker eine Info-Tafel fordern und wie Betroffene reagieren?/
_cLukas Märkle, Manuel Wozniak , Heike Reiß
264 _c2022
653 _aFrankfurt (Oder)
653 _aAfD
653 _aJüdische Friedhöfe
773 _dFrankfurt (Oder) Märkisches Verlags- und Druckhaus GmbH & Co KG
_tMärkische Oderzeitung
_g33. Jahrgang (2022) Nr. 81 vom 06.04.2022, S. 15
942 _cA